ჰელიმიში ხასან = Hasan Helimishi (ბიბ.ჩანაწერი № 39297)
[ მარტივი ფორმატი ]
| 000 -ლიდერი | |
|---|---|
| ფიქსირებული სიგრძის საკონტროლო ველი | 01184nam a2200229Ia 4500 |
| 001 - საკონტროლო ნომერი | |
| საკონტროლო ველი | 5883 |
| 003 - საკონტროლო ნომრის იდენტიფიკატორი | |
| საკონტროლო ველი | GE_BSU |
| 005 - ბოლო ოპერაციის თარიღი და დრო | |
| საკონტროლო ველი | 20191028170340.0 |
| 008 - ფიქსირებული სიგრძის მონაცემთა ელემენტები - ზოგადი ინფორმაცია | |
| ფიქსირებული სიგრძის საკონტროლო ველი | 181216s2012||||ge |||||||||||||| ||geo|| |
| 020 ## - წიგნის საერთაშორისო სტანდარტული ნომერი | |
| International Standard Book Number | 9789941039447 |
| 040 ## - კატალოგიზაციის წყარო | |
| Transcribing agency | GE_BSU |
| 041 ## - ენის კოდი | |
| Language code of text/sound track or separate title | geo |
| 080 ## - უნივერსალური ათობითი კლასიფიკაციის ინდექსი | |
| Universal Decimal Classification number | 821.353.1-91-1+75(479.223)(084.1) ჰ-42 |
| 245 ## - ცნობა სათაურის შესახებ | |
| Title | ჰელიმიში ხასან = Hasan Helimishi |
| Remainder of title | პოეზია, ფერწერა : ალბომი / |
| Statement of responsibility, etc | პროექტის ავტორი გიორგი ჯანბერიძე. |
| 264 ## - წარმოების, გამოცემის, დისტრიბუციის და სხვა ცნობები | |
| გამოცემის, წარმოების, დისტრიბუციის... ადგილი | ბათუმი : |
| გამოცემის, წარმოების, დისტრიბუციის... სახელწოდება | შპს "სეზანი", |
| გამოცემის, წარმოების, დისტრიბუციის... თარიღი | 2012. |
| 300 ## - ფიზიკური აღწერა | |
| Extent | 72 გვ. : |
| Other physical details | ილ.; |
| Dimensions | 30 სმ. |
| 653 ## - INDEX TERM--UNCONTROLLED | |
| Uncontrolled term | აჭარელი მხატვრების ფერწერული ნამუშევრების ალბომები |
| 700 ## - ADDED ENTRY--PERSONAL NAME | |
| Personal name | ჯანბერიძე, გიორგი |
| Relator term | პროექტის და ტექსტის ავტ. |
| 9 (RLIN) | 5042 |
| 710 ## - ADDED ENTRY--CORPORATE NAME | |
| Corporate name or jurisdiction name as entry element | აჭარის ა/რ განათლების, კულტურისა და სპორტის სამინისტრო |
| 9 (RLIN) | 5043 |
| 942 ## - ADDED ENTRY ELEMENTS (KOHA) | |
| Koha item type | წიგნი |
| Source of classification or shelving scheme | |
| ჩამოწერის სტატუსი | დაკარგული ეგზემპლარის სტატუსი | კლასიფიკაციის წყარო ან თაროზე გაწყობის სქემა | დაზიანების სტატუსი | არ გაიცემა | მუდმივი მდებარეობა (დაცვის ადგილი) | ამჟამინდელი ადგილსამყოფელი | თაროზე განთავსების ადგილი | შეძენის თარიღი | ღირებულება, შესყიდვის ნორმალური ფასი | სრული შენახვის შიფრი | შტრიხკოდი | ბოლო ოპერაციის თარიღი | ეგზემპლარის მიმდევრობითი ნომერი (კეტერი?) | ფასის ძალაში შესვლის თარიღი | ეგზემპლარის სახეობა | საჯარო შენიშვნა |
|---|---|---|---|---|---|---|---|---|---|---|---|---|---|---|---|---|
| ბათუმის შოთა რუსთაველის სახელმწიფო უნივერსიტეტის მთავარი ბიბლიოთეკა | ბათუმის შოთა რუსთაველის სახელმწიფო უნივერსიტეტის მთავარი ბიბლიოთეკა | წიგნსაცავი | 2018-12-17 | 10.83 | 821.353.1-91-1+75(479.223)(084.1) ჰ-42 | 6538 | 2018-12-17 | 6538 | 2018-12-17 | წიგნი | 10 ლ. 83 თ. | |||||
| ბათუმის შოთა რუსთაველის სახელმწიფო უნივერსიტეტის მთავარი ბიბლიოთეკა | ბათუმის შოთა რუსთაველის სახელმწიფო უნივერსიტეტის მთავარი ბიბლიოთეკა | წიგნსაცავი | 2018-12-17 | 10.83 | 821.353.1-91-1+75(479.223)(084.1) ჰ-42 | 6539 | 2018-12-17 | 6539 | 2018-12-17 | წიგნი | 10 ლ. 83 თ. | |||||
| ბათუმის შოთა რუსთაველის სახელმწიფო უნივერსიტეტის მთავარი ბიბლიოთეკა | ბათუმის შოთა რუსთაველის სახელმწიფო უნივერსიტეტის მთავარი ბიბლიოთეკა | წიგნსაცავი | 2018-12-17 | 10.83 | 821.353.1-91-1+75(479.223)(084.1) ჰ-42 | 6540 | 2018-12-17 | 6540 | 2018-12-17 | წიგნი | 10 ლ. 83 თ. | |||||
| ბათუმის შოთა რუსთაველის სახელმწიფო უნივერსიტეტის მთავარი ბიბლიოთეკა | ბათუმის შოთა რუსთაველის სახელმწიფო უნივერსიტეტის მთავარი ბიბლიოთეკა | წიგნსაცავი | 2018-12-17 | 10.83 | 821.353.1-91-1+75(479.223)(084.1) ჰ-42 | 6541 | 2018-12-17 | 6541 | 2018-12-17 | წიგნი | 10 ლ. 83 თ. | |||||
| ბათუმის შოთა რუსთაველის სახელმწიფო უნივერსიტეტის მთავარი ბიბლიოთეკა | ბათუმის შოთა რუსთაველის სახელმწიფო უნივერსიტეტის მთავარი ბიბლიოთეკა | წიგნსაცავი | 2018-12-17 | 10.83 | 821.353.1-91-1+75(479.223)(084.1) ჰ-42 | 6542 | 2018-12-17 | 6542 | 2018-12-17 | წიგნი | 10 ლ. 83 თ. |
